000 01070nam a22002897a 4500
001 5561
003 FISKH
005 20241217160622.0
008 241217b cb ||||| |||| 00| 0 eng d
020 _a9780531208434
040 _aFISKH
_beng
_cFISKH
_dFISKH
050 _aDS559.W18
082 _a959.704
100 _aCapua, Sarah De
245 _aThe Vietnam memorial /
_cby Sarah De Capua
260 _aNew York :
_bScholastic ;
_c2008.
300 _a48 pages :
_bcolor illustrations ;
_c25 cm .
490 _a Cornerstones of Freedom
_v Second Series
505 _aS
520 _aA description of the Vietnam Memorial, the memorial which commemorates the American dead from the Vietnamese Conlflict and which is the most visited monument in the nation's capital.
521 8 _a790
_bLexile estimate
521 8 _aS
_bRaz-Plus
650 _aVietnam Veteran Memorial ( Washington, D . C. )
_vJuvenile literature
650 _a Washington, D . C- Buildings, Structures, etc.
_vJuvenile literature
942 _2ddc
_cBK
_n0
999 _c5561
_d5561